000 01212nam a22003497a 4500
003 CHAP
005 20220329135007.0
008 971013s1963 r 00010 d
010 _a29197
011 _a30169
035 _a34281
040 _cCHAP
090 _aTesis
100 0 0 _aLeón Vallejo, Guillermo.
_966197
245 _aDeterminación de nitrógeno potencial del suelo por el método de incubación en algunos suelos de México
260 _aChapingo, Méx. :
_bEl autor,
_c1963
300 _a38 h.
_b: ilus.
502 _aTesis (Maestro en Ciencias Agrícolas) -- ENA. Colegio de Postgraduados
590 _aALEPH
_b10
_c20130110
_lUCH01
_h1250
590 _aBATCH-UPD
_b10
_c20130110
_lUCH01
_h0041
590 _aBATCH-UPD
_b10
_c20130110
_lUCH01
_h2249
590 _aBATCH-UPD
_b10
_c20130409
_lUCH01
_h2027
590 _aBATCH-UPD
_b10
_c20130410
_lUCH01
_h1542
590 _aBATCH-UPD
_b10
_c20130914
_lUCH01
_h2002
590 _aCONVERSION
_b10
_c20130109
_lUCH01
_h1317
650 1 4 _aSuelos
_xNitrógeno en.
_9110451
901 _aBK
942 _cFOLL
949 _bBC
_cTES
_d-79451
_eTS1
_i34281
_si
949 _bBC
_cTES
_d-79452
_eTS2
_fc.2
_i34281
_si
949 _bBC
_cTES
_d-79453
_eTS2
_fc.3
_i34281
_si
999 _c29197
_d29197